Investigación de meracado sobre la licenciatura en Administración Area Mercadotecnia y el empleo de sus egresados /

Сохранить в:
Библиографические подробности
Главный автор: Dennis Lara, Ylenia Betzabeé (autor)
Другие авторы: González López, Lucía del Carmen, López Torres, Cristina
Формат: Диссертация
Язык:испанский
Предметы:
Метки: Добавить метку
Нет меток, Требуется 1-ая метка записи!

MARC

LEADER 00000nam^a2200000^a^4500
001 000063835
005 20250521000000.0
009 20260310091040.111
037 |a Acervo ITESO - Biblioteca 
041 |a ESP 
090 |a LAM. 229 
100 |a Dennis Lara, Ylenia Betzabeé  |e (autor) 
245 1 0 |a Investigación de meracado sobre la licenciatura en Administración Area Mercadotecnia y el empleo de sus egresados /  |c Y.B. Dennis Lara, L.C. González López, C. Lópe Torres. 
264 |a Guadalajara, México :  |b edición de autor,  |c 1997 
300 |a 115 p. 
336 |a texto  |b txt  |2 rdacontenido 
337 |a sin mediación  |b n  |2 rdamedio 
338 |a volumen  |b nc  |2 rdasoporte 
502 |a ITESO Tesis de Licenciatura en Administración Area Mercadotecnia 
610 |a ITESO 
649 |a XX 
650 |a Educación y Trabajo 
650 |a Educación Superior 
650 |a Investigación de Mercado 
650 |a Mercadotecnia 
650 |a Ciencias Administrativas 
700 |a González López, Lucía del Carmen 
700 |a López Torres, Cristina 
910 |a Fondo General 
920 |a Impresos - Tesis del ITESO 
930 |a Colección General 
905 |a 104 
901 |a 0500017616  |b IT2  |c TSS  |u 20250521 
902 |a https://opac.biblio.iteso.mx/vufind/Record/000063835